| 000 | 00881nam a2200181Ia 4500 | ||
|---|---|---|---|
| 008 | 100920s9999 xx 000 0 und d | ||
| 082 |
_b65208 _a28 व 51 थ 93 |
||
| 100 | _aजोशी - निर्मळ गुरूजी. | ||
| 245 | _aसंस्कारक्षम चरित्रमालिका भगवान गौतम बुध्द. | ||
| 260 |
_bमे.वैशाली वितरण,सोलापूर. _c1993 |
||
| 300 |
_a32 _bसाधी |
||
| 365 | _b10 | ||
| 520 | _aबा. वि चरित्र. | ||
| 630 | _aसंस्कारक्षम चरित्रमालिका भगवान गौतम बुध्द. | ||
| 650 | _aबा. वि चरित्र. | ||
| 730 | _aसंस्कारक्षम चरित्रमालिका भगवान गौतम बुध्द. | ||
| 942 | _cBOOK | ||
| 999 |
_c708077 _d708074 |
||